Programa de Formación Docente en Entornos Virtuales de Enseñanza-Aprendizaje (EVE-A) para los profesores del Decanato de Informática de la Universidad APEC (Record no. 915)

MARC details
000 -LEADER
campo de control de longitud fija 02366nam a2200565Ia 4500
001 - NÚMERO DE CONTROL
campo de control 997
008 - DATOS DE LONGITUD FIJA--INFORMACIÓN GENERAL
campo de control de longitud fija 241029s9999 xx 000 0 und d
010 ## - NÚMERO DE CONTROL DE LA BIBLIOTECA DEL CONGRESO
Número de control de LC 915
041 ## - CÓDIGO DE IDIOMA
Código de lengua del texto/banda sonora o título independiente Español
082 ## - NÚMERO DE LA CLASIFICACIÓN DECIMAL DEWEY
Número de clasificación TPG MMM-01 2007
245 #0 - MENCIÓN DEL TÍTULO
Título Programa de Formación Docente en Entornos Virtuales de Enseñanza-Aprendizaje (EVE-A) para los profesores del Decanato de Informática de la Universidad APEC
260 ## - PUBLICACIÓN, DISTRIBUCIÓN, ETC.
Lugar de publicación, distribución, etc. Santo Domingo
300 ## - DESCRIPCIÓN FÍSICA
Extensión 78
520 ## - RESUMEN, ETC.
Sumario, etc. 18
520 ## - RESUMEN, ETC.
Sumario, etc. El objeto de estudio: es el proceso de formación del docente en Tecnologías de la Información y la Comunicación (TIC). El objetivo consiste en: Elaborar un programa para la formación permanente del profesorado del Decanato de Informática de la Universidad APEC en entornos virtuales de enseñanza - aprendizaje. El campo de acción: es la formación del docente de Informática en entornos virtuales de enseñanza-aprendizaje (EVE-A). La idea a defender del trabajo de investigación es la siguiente: Es posible formar a los docentes del decanato de Informática de la Universidad APEC, en el dominio de las herramientas que ofrecen los entornos virtuales de enseñanza-aprendizaje, si se elabora un programa de formación. 
630 ## - PUNTO DE ACCESO ADICIONAL DE MATERIA--TÍTULO UNIFORME
Título uniforme Enseñanza Virtual
630 ## - PUNTO DE ACCESO ADICIONAL DE MATERIA--TÍTULO UNIFORME
Título uniforme Enseñanza-Aprendizaje
630 ## - PUNTO DE ACCESO ADICIONAL DE MATERIA--TÍTULO UNIFORME
Título uniforme Equidad de Género
630 ## - PUNTO DE ACCESO ADICIONAL DE MATERIA--TÍTULO UNIFORME
Título uniforme Formación Profesional de Maestros
630 ## - PUNTO DE ACCESO ADICIONAL DE MATERIA--TÍTULO UNIFORME
Título uniforme Tecnología Educativa
650 ## - PUNTO DE ACCESO ADICIONAL DE MATERIA--TÉRMINO DE MATERIA
Término de materia o nombre geográfico como elemento de entrada Formación Docente
690 ## - PUNTO DE ACCESO ADICIONAL DE MATERIA LOCAL--TÉRMINO DE MATERIA (OCLC, RLIN)
Término de materia o nombre geográfico como elemento inicial Copiado sin cambios
700 ## - ENTRADA AGREGADA--NOMBRE PERSONAL
Término indicativo de función/relación asesor
Nombre de persona Colunga Santos, Silvia
700 ## - ENTRADA AGREGADA--NOMBRE PERSONAL
Término indicativo de función/relación autor
Nombre de persona Guzmán Alcántara Solano, Eddy
901 ## - ELEMENTOS DE DATOS A LOCAL LDA (RLIN)
a {"1":"Guzmán Alcántara Solano"}
b {"1":" Eddy"}
902 ## - ELEMENTOS DE DATOS B LOCAL, LDB (RLIN)
a 1
903 ## - ELEMENTOS DE DATOS C LOCAL, LDC (RLIN)
a {"1":"Colunga Santos"}
b {"1":"Silvia"}
904 ## - ELEMENTOS DE DATOS D LOCAL, LDD (RLIN)
a Maestría en
905 ## - ELEMENTOS DE DATOS E LOCAL, LDE (RLIN)
a Ciencias de la Educación
906 ## - ELEMENTOS DE DATOS F LOCAL, LDF (RLIN)
a 1
907 ## - ELEMENTOS DE DATOS G LOCAL, LDG (RLIN)
a Mención en
908 ## - COLOCAR PARÁMETRO DE COMANDO (RLIN)
Colocar parámetro de comando Enseñanza de la Matemática Superior
909 ## -
-- Universidad Acción Pro Educación y Cultura (UNAPEC)
910 ## - DATOS DE OPCIÓN DEL USUARIO (OCLC)
Datos de opción del usuario NULL
-- NULL
911 ## - EQUIVALENCIA O REFERENCIA-CRUZADA-NOMBRE DE CONFERENCIA O REUNIÓN/CONGRESO [LOCAL, CANADÁ]
Nombre de congreso/reunión o jurisdicción como elemento de entrada ["1"]
912 ## -
-- Universidad de Camagüey (UC), Cuba
913 ## -
-- NULL
914 ## -
-- 01 de Abril de 2008
915 ## -
-- 16/07/14 07:07
916 ## -
-- NULL
917 ## -
-- NULL
918 ## -
-- NO APLICA
919 ## -
-- ["210","89","90","109","191"]
921 ## -
-- 16
922 ## -
-- 16
923 ## -
-- 0
924 ## -
-- NO APLICA
942 ## - ELEMENTOS DE ENTRADA SECUNDARIOS (KOHA)
Tipo de ítem Koha

No items available.

© 2024. Todos los Derechos Reservados. Desarrollado por IDEICE